Responses for Show #1263 - Wednesday, February 14, 1990

1990 Teen Tournament semifinal game 3.

Contestants

[<< previous game]

Beth Mullins, a senior from Mendenhall, Mississippi

Peji Ghanouni, a senior from Marietta, Georgia

Andrew McGeorge, a senior from Topeka, Kansas

[next game >>]

Jeopardy! Round responses

COLONIAL AMERICA
6-LETTER WORDS
MARINE BIOLOGY
TOYS & GAMES
CLASSICAL MUSIC
COLLEGE TRIVIA
    $100 4
the Mayflower

Beth
    $100 16
recess

Beth
    $100 10
(Peji: What are arms?)
(Beth: What are antennae?)

Eyes

PejiBeth
Triple Stumper
    $100 21
(Alex: A minute to go in the round.)

black

Andrew
    $100 5
a cello

Peji
    $100 1
the SAT (Scholastic Aptitude Test)

Andrew
    $200 6
Poor Richard's Almanack

Peji
    $200 17
bunker

Andrew
    $200 22
worms

Beth
    $500 11
George Frideric Handel ("Hallelujah Chorus" from The Messiah)

Beth
    $200 2
(Andrew: What is tuition?)

student loans

Andrew
Triple Stumper
    $300 7
The Stamp Act

Andrew
    $300 18
league

Andrew
    $300 12
Ivanhoe

Peji
    $300 3
Cornell

Peji
    $400 13
(Beth: What is Richmond?)

Williamsburg

Beth
Triple Stumper
    $400 19
malice

Triple Stumper
    $400 27
[The end-of-round signal sounds.]

the bottom

Triple Stumper
    $400 24
"London Bridge"

Beth
    $400 15
"Finlandia" (The National Anthem)

Triple Stumper
    $400 8
Oxford

Triple Stumper
    $500 14
Peter Stuyvesant

Peji
    $500 20
(Beth: What is brass?)
(Andrew: What is copper?)

bronze

AndrewPejiBeth
    $500 26
walruses

Andrew
    $500 23
dolls

Andrew
    $500 25
"Clair de Lune"

Peji
    $500 9
(Peji: What are Catholics?)
(Alex: Be more specific.)
(Peji: The Franciscans?)
(Alex: No.)

the Jesuits

PejiBeth

Scores at the first commercial break (after clue 11):

Andrew Peji Beth
$200 $0 $1,000

Scores at the end of the Jeopardy! Round:

Andrew Peji Beth
$1,300 $1,800 $800

Double Jeopardy! Round responses

FICTIONAL CHARACTERS
FRENCH WORDS & PHRASES
STATE CAPITALS
THE BIBLE
LAW
THE ROYAL FAMILY
    $200 11
Raven

Andrew
    $200 19
The French Revolution

Beth
    $200 7
Montgomery

Andrew
    $200 1
Moses

Beth
    $200 6
Felony

Andrew
    $200 28
Lady Diana Spencer/Princess Diana

Beth
    $400 21
Swiss Family Robinson

Beth
    $400 20
(P: What is a grandfather clock?)

Alarm Clock

AndrewPeji
    $400 8
(P: What is Minneapolis?)

Madison, Wisconsin

AndrewPeji
    $400 2
Judas Iscariot

Beth
    $400 13
18

Beth
    $400 30
(B: Who is Prince Albert?)
(Alex: Andrew, back to you: whoa, we have no more clues, how about that?)

Prince Philip

Beth
Triple Stumper
    $600 22
Heathcliff

Beth
    $600 23
(bonhomme de neige: snowman)
(P: What is l'ete - the summer?)

Winter (Hiver)

Peji
Triple Stumper
    $600 9
Richmond

Triple Stumper
    $600 3
Tower of Babel

Beth
    $600 14
Perjury

Peji
    $600 29
Prince William

Andrew
    $800 16
"The Canterbury Tales"

Andrew
    $800 27
Vacuum Cleaner

Andrew
    $800 10
Michigan

Peji
    $1,000 4
The Good Samaritan

Beth
    $800 17
(Andrew: What is an opinion?)

precedent

AndrewBeth
    $800 24
Prince Harry

Andrew
    $1000 15
Paddington Bear

Peji
    $1000 26
I do not know

Peji
    $2,300 12
Harrisburg, Pennsylvania

Andrew
    $1000 5
(Alex: Good for $1,000. You ran the category. Nicely done, Beth!)

Jonathan

Beth
    $1000 18
Common Law

Peji
    $1000 25
Sarah Ferguson (Duchess of York)

Peji

Scores at the end of the Double Jeopardy! Round:

Andrew Peji Beth
$7,200 $5,800 $6,200

[wagering suggestions for these scores]

Final Jeopardy! Round responses

ASTRONOMY
(Alex: Andrew, congratulations. Let's meet your two competitors in the final: Richard Morris of Auburn, Alabama and Jamie Weiss of Fairfax, Virginia. The final begins tomorrow with $25,000 going to one of these three young men.)
PejiWhat is Halley's Comet?
$5,800
BethWhat is Halley's Comet?
$6,101
AndrewWhat is Halley's Comet?
$5,201
Halley's Comet

Final scores:

Andrew Peji Beth
$12,401 $11,600 $12,301
Finalist 3rd place: $5,000 2nd place: $5,000

Game dynamics:

Coryat scores:

Andrew Peji Beth
$5,900 $5,800 $5,700
17 R
(including 1 DD),
3 W
13 R,
5 W
17 R
(including 2 DDs),
4 W

Combined Coryat: $17,400

[game clues] [game scores] [suggest correction]

Game tape date: 1990-01-07
The J! Archive is created by fans, for fans. Scraping, republication, monetization, and malicious use prohibited; this site may use cookies and collect identifying information. See terms. The Jeopardy! game show and all elements thereof, including but not limited to copyright and trademark thereto, are the property of Jeopardy Productions, Inc. and are protected under law. This website is not affiliated with, sponsored by, or operated by Jeopardy Productions, Inc. Join the discussion at JBoard.tv.